000 00820nam a22002537a 4500
003 dpl
005 20180820152002.0
008 180820b xxu||||| |||| 00| 0 eng d
010 _aA-933721
020 _c75.00
_a8120312066
035 _aA-933721, A-933725
037 _bCen Lib/Ret
040 _aDPL
_bEN
_c0
082 _a174.4
_bPRA
100 _aPratley, Peter
_912000
245 _aThe essence of business ethics :
_cby Peter Pratley
260 _bPrentice Hall of India Private Limited
_aNew Delhi
_c1995
270 _aM-97 Connought Circus
_bNew Delhi
_e110001
300 _axvi,233p. :
_c22m(Hb)
_bill.
500 _aIncludes index.
650 _aBusiness ethics.
_912001
650 _aSocial responsibility of business.
_97883
942 _2ddc
_cEN
_h174.4
_mPRA
999 _c124804
_d124804